HGGSP Terminale - Faire la guerre faire la paix (QCU) - Statistiques

Statistiques générales
  • Ce quiz a été pris 113 fois
  • Le résultat moyen est 9 sur 11
Statistiques - réponses
Question Réponse % Correct
Le champ d'action d'Al-Qaïda et de l'Etat islamique se déploie à l'échelle... Mondiale
92%
Que signifie le sigle OTAN ? Organisation du traité de l'Atlantique nord
91%
Nom officiel donné aux armes dites classiques dont l'utilisation est régie par des conventions internationales Armes conventionnelles
90%
Quel organisation internationale est créée en 1919 par le traité de Versailles dans le but d'organiser une sécurité internationale ? Société des Nations
88%
Comment appelle-t-on un conflit interne à un Etat ? Conflit intraétatique
86%
Quel est le nom de l'ouvrage du théoricien militaire prussien Carl von Clausewitz ? "De la guerre"
83%
Conflit qui mobilise l'Etat, l'économie, du pays comme l'ensemble de la société Guerre totale
83%
La paix de Westphalie résout la guerre de... Trente Ans
77%
Dirigeant de l'OLP, il a été président de l'Autorité palestinienne jusqu'en 2004 Yasser Arafat
77%
Président des Etats-Unis qui énonce en "14 points" en janvier 1918 les buts de la guerre des Etats-Unis Woodrow Wilson
67%
Dans quelle région Boko Haram opère-t-il ? L'Afrique de l'Ouest
57%
Aucun quiz correspondant
Distribution des résultats
% des personnes avec chaque résultat
Percentile par nombre de réponses
Votre historique - résultats
Vous n’avez pas pris ce quiz